| 000 | 00800cam a2200241u 4500 | ||
|---|---|---|---|
| 999 |
_c7923 _d7923 |
||
| 001 | 7923 | ||
| 003 | BD-JhCC | ||
| 005 | 20180925115441.0 | ||
| 008 | 821208s1917 enkbf 000 0 eng | ||
| 035 | _a(BD-JhCC)7923 | ||
| 040 |
_aDLC _cCarP _dDLC _dBD-JhCC |
||
| 041 | _aeng | ||
| 050 | 0 | 0 |
_aD576.G3 _bY7 |
| 082 |
_bYOU 1917 _a940.416092 |
||
| 100 | 1 |
_aYoung, Francis Brett, _d1884-1954. |
|
| 245 | 1 | 0 |
_aMarching on Tanga (with General Smuts in East Africa) / _cFrancis Brett Young, |
| 260 |
_aLondon [etc.] _bW. Collins sons & co. ltd. _c[c1917] |
||
| 300 |
_axi, [1], 264, [2] p. _bincl. front. plates, fold. map. _c20 cm. |
||
| 650 | 0 |
_aWorld War, 1914-1918 _vPersonal narratives, British. |
|
| 650 | 0 |
_aWorld War, 1914-1918 _xCampaigns _zGerman East Africa. |
|
| 942 |
_2ddc _cBK |
||